151 pokemon : première génération par image - Statistiques

Statistiques générales
  • Ce quiz a été pris 3 740 fois
  • Le résultat moyen est 116 sur 151
Statistiques - réponses
Par images Réponse % Correct
Bulbizarre
99%
Salamèche
98%
Carapuce
96%
Dracaufeu
96%
Tortank
96%
Florizarre
95%
Reptincel
95%
Carabaffe
93%
Chenipan
93%
Herbizarre
93%
Pikachu
92%
Rattata
92%
raichu
91%
Aspicot
89%
Papilusion
89%
Rattatac
89%
Rondoudou
88%
Roucool
88%
Roucoups
88%
abo
87%
Goupix
87%
Miaouss
87%
Chrysacier
86%
Mélofée
86%
Roucarnage
86%
Nidoran
85%
Feunard
84%
Sabelette
84%
Nidoking
83%
Nidoqueen
83%
Nidoran
83%
Piafabec
83%
Racaillou
83%
Taupiqueur
83%
Abra
82%
evoli
82%
Nidorina
82%
onix
82%
Ponyta
82%
tadmorv
82%
Alakazam
81%
aquali
81%
arbok
81%
Coconfort
81%
Férosinge
81%
Grodoudou
81%
Grotadmorv
81%
Machoc
81%
Magicarpe
81%
Magnéti
81%
Nidorino
81%
Nosferapti
81%
Psykokwak
81%
Arcanin
80%
Caninos
80%
Léviator
80%
Mystherbe
80%
Sablaireau
80%
smogo
80%
smogogo
80%
Canarticho
79%
doduo
79%
Machopeur
79%
Mélodelfe
79%
Persian
79%
Ptitard
79%
pyroli
79%
Ramoloss
79%
stari
79%
Tentacool
79%
Tentacruel
79%
voltali
79%
Dardargnan
78%
Ectoplasma
78%
Fantominus
78%
Kadabra
78%
Métamorph
78%
mew
78%
Akwakwak
77%
Galopa
77%
Grolem
77%
Lippoutou
77%
Magnéton
77%
Noeunoeuf
77%
Voltorbe
77%
Gravalanch
76%
Insécateur
76%
Krabby
76%
mewtwo
76%
Nosferalto
76%
Spectrum
76%
Staross
76%
tauros
76%
Triopikeur
76%
draco
75%
Dracolosse
75%
Mackogneur
75%
Paras
75%
Boustiflor
74%
Colossinge
74%
Magmar
74%
Ossatueur
74%
Osselait
74%
Poissirène
74%
Krabboss
73%
Minidraco
73%
Porygon
73%
Ptéra
73%
Rapasdepic
73%
Kangourex
72%
Kicklee
72%
Rafflesia
72%
Excelangue
71%
Leveinard
71%
M. Mime
71%
Chétiflor
70%
dodrio
70%
Parasect
70%
Électrode
69%
Mimitoss
69%
Noadkoko
69%
Ortide
69%
Scarabrute
69%
Sulfura
69%
Tygnon
69%
Artikodin
68%
Flagadoss
68%
Lokhlass
68%
Rhinoféros
68%
Tartard
68%
Élektek
67%
Têtarte
67%
Empiflor
66%
Kabuto
66%
Lamantine
66%
Rhinocorne
66%
Hypnomade
65%
Hypotrempe
65%
Otaria
65%
Poissoroy
65%
Saquedeneu
65%
Soporifik
65%
Amonita
63%
Hypocéan
63%
Kabutops
63%
Amonistar
62%
Crustabri
62%
Aéromite
61%
Électhor
61%
Kokiyas
60%
ronfelx
16%
Aucun quiz correspondant
Distribution des résultats
% des personnes avec chaque résultat
Percentile par nombre de réponses
Votre historique - résultats
Vous n’avez pas pris ce quiz